Statistiques concernant Prénom des Joueurs du PSG 2018-2019

Cliquez ici pour prendre le quiz!

Statistiques générales

  • Ce quiz a été pris 1 598 fois
  • Le résultat moyen est 21 sur 28

Statistiques - réponses

NomPrénom% Correct
Di MariaAngel
97%
RabiotAdrien
96%
VerrattiMarco
96%
SilvaThiago
96%
AreolaAlphonse
95%
MbappéKylian
95%
KimpembePresnel
95%
MeunierThomas
94%
CavaniEdinson
92%
DraxlerJulian
92%
BernatJuan
90%
BuffonGianluigi
87%
NkunkuChristopher
86%
KehrerThilo
81%
DagbaColin
80%
AlvesDaniel
80%
KurzawaLayvin
78%
DiabyMoussa
77%
DiarraLassana
76%
Choupo-MotingEric Maxim
68%
WeahTimothy
68%
JuniorNeymar
64%
AdliYacine
59%
NsokiStanley
46%
RodriguezJesé
40%
CiboisSébastien
37%
MarquinhosMarcos
34%
BernedeAntoine
32%

Distribution des résultats

Percentile par nombre de réponses

% des personnes avec chaque résultat

Votre développement - résultats

Vous n’avez pas pris ce quiz